[Event "Harrogate 4NCL op 31st"]
[Site "Harrogate"]
[Date "2024.01.20"]
[Round "3"]
[White "Bak, Christopher"]
[Black "Kryshtafor, Maksym"]
[Result "1-0"]
[WhiteElo "1973"]
[BlackElo "1459"]
[PlyCount "101"]
[EventDate "2024.01.19"]
[EventType "swiss"]
[EventRounds "5"]
[EventCountry "ENG"]
[SourceTitle "CB05_2024"]
[SourceDate "2024.01.31"]
[SourceVersion "1"]
[SourceVersionDate "2024.01.31"]
[SourceQuality "1"]

1. c4 e5 2. Nc3 Nf6 3. Nf3 Nc6 4. e3 d5 5. cxd5 Nxd5 6. Qc2 Ndb4 7. Qb1 g6 8. a3 Nd5 9. Bb5 Nxc3 10. bxc3 Qd5 11. e4 Qd6 12. a4 Bg7 13. Ba3 Qf6 14. d4 exd4 15. cxd4 a6 16. Bxc6+ Qxc6 17. 0-0 Bg4 18. Rc1 Qb6 19. a5 Qxb1 20. Raxb1 0-0-0 21. d5 Bxf3 22. gxf3 Bf8 23. Bb2 Rg8 24. Bf6 Rd7 25. Rb3 Bd6 26. Rcb1 c6 27. dxc6 bxc6 28. Rb6 Kc7 29. Rc1 c5 30. Be5 f5 31. Rxc5+ Kd8 32. Bxd6 Ke8 33. e5 Kf7 34. Rxa6 Rgd8 35. Kg2 h5 36. e6+ Kxe6 37. Bc7+ Ke7 38. Bxd8+ Kxd8 39. Rxg6 Ke7 40. Rg7+ Kd6 41. Rxd7+ Kxc5 42. a6 f4 43. a7 h4 44. a8Q h3+ 45. Kxh3 Kb6 46. Qb7+ Kc5 47. Rd5+ Kc4 48. Qb5+ Kc3 49. Rd3+ Kc2 50. Qb3+ Kc1 51. Rd1# 1-0

[Event "Harrogate 4NCL op-A 29th"]
[Site "Harrogate"]
[Date "2023.01.22"]
[Round "5"]
[White "Bak, Christopher"]
[Black "Rich, Ben S"]
[Result "1-0"]
[WhiteElo "2010"]
[BlackElo "1812"]
[PlyCount "95"]
[EventDate "2023.01.20"]
[EventType "swiss"]
[EventRounds "5"]
[EventCountry "ENG"]
[SourceTitle "CBM 212 Extra"]
[Source "ChessBase"]
[SourceDate "2023.03.31"]
[SourceVersion "1"]
[SourceVersionDate "2023.03.31"]
[SourceQuality "1"]

1. c4 e6 2. Nc3 c5 3. Nf3 Nf6 4. g3 d6 5. Bg2 a6 6. 0-0 Qc7 7. b3 Bd7 8. d4 cxd4 9. Qxd4 Nc6 10. Qd2 Ne5 11. a4 Be7 12. Rd1 Nxf3+ 13. Bxf3 Bc6 14. e4 0-0 15. Bb2 Rfd8 16. Qe2 Nd7 17. Bg2 Qb6 18. Nd5 Bxd5 19. exd5 e5 20. Rdb1 Rac8 21. Bc1 f5 22. Be3 Qc7 23. Bh3 g6 24. f3 Bf6 25. Ra2 Rf8 26. Rc2 Rce8 27. c5 e4 28. f4 dxc5 29. b4 Qd6 30. bxc5 Qxd5 31. Rd2 Qc6 32. Rd6 Qc7 33. Qd1 Nxc5 34. Qd5+ Qf7 35. Bxc5 Rc8 36. Rd1 Rfe8 37. Rxf6 Qxd5 38. Rxd5 e3 39. Kf1 e2+ 40. Ke1 Re4 41. Rfd6 Rxa4 42. Rd8+ Rxd8 43. Rxd8+ Kf7 44. Bg2 b5 45. Bd5+ Kf6 46. Rd7 g5 47. Be7+ Kg6 48. Bxg5 1-0

[Event "Harrogate 4NCL op-A 29th"]
[Site "Harrogate"]
[Date "2023.01.20"]
[Round "1"]
[White "Bak, Christopher"]
[Black "Arkell, Keith C"]
[Result "1/2-1/2"]
[WhiteElo "2010"]
[BlackElo "2406"]
[PlyCount "102"]
[EventDate "2023.01.20"]
[EventType "swiss"]
[EventRounds "5"]
[EventCountry "ENG"]
[SourceTitle "CBM 212 Extra"]
[Source "ChessBase"]
[SourceDate "2023.03.31"]
[SourceVersion "1"]
[SourceVersionDate "2023.03.31"]
[SourceQuality "1"]

1. c4 c5 2. Nc3 g6 3. g3 Bg7 4. Bg2 Nc6 5. d3 e6 6. e4 Nge7 7. Nge2 a6 8. Be3 Nd4 9. 0-0 0-0 10. Rb1 Nec6 11. a3 Qe7 12. f4 b5 13. e5 bxc4 14. Nxd4 cxd4 15. Bxd4 Nxd4 16. Bxa8 d5 17. exd6 Qa7 18. Bg2 Nf5+ 19. Kh1 Ne3 20. Qe2 Nxg2 21. Kxg2 Qa8+ 22. Kf2 Bd4+ 23. Ke1 e5 24. dxc4 Bf5 25. Rd1 Re8 26. Nd5 Qd8 27. Rxd4 exd4 28. Ne7+ Kg7 29. Qe5+ f6 30. Qc5 Qd7 31. Kf2 Bh3 32. Re1 Qb7 33. Qxd4 Qg2+ 34. Ke3 Qxh2 35. Kd3 Rb8 36. b4 Qxg3+ 37. Re3 Qh2 38. Qa7 Kh6 39. Qxb8 Bf1+ 40. Kc3 Qa2 41. Qb6 Qa1+ 42. Kd2 Bxc4 43. Rh3+ Kg7 44. Nf5+ gxf5 45. Qc7+ Bf7 46. Rg3+ Kh6 47. Qc1 Qd4+ 48. Ke1 Qxd6 49. Qd2 Qc6 50. Qh2+ Bh5 51. Qd2 Bg4 1/2-1/2

[Event "BCF-chT2 1617 (4NCL) Demotion pool"]
[Site "England"]
[Date "2017.05.01"]
[Round "11.82"]
[White "Bak, Christopher"]
[Black "Frostick, Clive A"]
[Result "0-1"]
[WhiteElo "2025"]
[BlackElo "2169"]
[PlyCount "100"]
[EventDate "2016.11.19"]
[EventType "team-tourn"]
[EventRounds "11"]
[EventCountry "ENG"]
[SourceTitle "EXT 2019"]
[Source "ChessBase"]
[SourceDate "2018.10.10"]
[SourceVersion "1"]
[SourceVersionDate "2018.10.10"]
[SourceQuality "1"]
[WhiteTeam "Bradford DCA Knights"]
[BlackTeam "CSC Dragons"]
[WhiteTeamCountry "ENG"]
[BlackTeamCountry "ENG"]

1. c4 e5 2. Nc3 Nf6 3. Nf3 Nc6 4. e3 Bb4 5. Nd5 Bd6 6. d4 b6 7. Be2 0-0 8. 0-0 Bb7 9. Nc3 a6 10. a3 Re8 11. d5 Ne7 12. e4 Ng6 13. h3 h6 14. Be3 Qe7 15. Nd2 Bc5 16. b4 Bd4 17. Rc1 d6 18. Qc2 Bxe3 19. fxe3 a5 20. Qb2 axb4 21. axb4 Nf8 22. Qb3 N8d7 23. Nb5 Rec8 24. Ra1 Rxa1 25. Rxa1 Qd8 26. Ra7 Rb8 27. Qc2 Ne8 28. Nb3 c5 29. dxc6 Bxc6 30. Nc3 Ra8 31. Rxa8 Qxa8 32. Nd5 Nef6 33. Bf3 Kf8 34. Kh2 Qa3 35. Nd2 Bxd5 36. cxd5 Qxb4 37. Qc8+ Ke7 38. Nf1 Qc5 39. Qb7 b5 40. Ng3 g6 41. Be2 b4 42. Bd1 Qb6 43. Qc8 b3 44. Qc1 Nc5 45. Qb1 Qb4 46. Bf3 b2 47. Kg1 Na4 48. Ne2 Nc3 49. Nxc3 Qxc3 50. Bd1 Qc1 0-1

[Event "BCF-chT2b 1617 (4NCL)"]
[Site "England"]
[Date "2017.01.15"]
[Round "4.73"]
[White "Verma, Aditya"]
[Black "Bak, Christopher"]
[Result "1-0"]
[WhiteElo "2055"]
[BlackElo "2018"]
[PlyCount "35"]
[EventDate "2016.11.19"]
[EventType "team-tourn"]
[EventRounds "11"]
[EventCountry "ENG"]
[SourceTitle "EXT 2019"]
[Source "ChessBase"]
[SourceDate "2018.10.10"]
[SourceVersion "1"]
[SourceVersionDate "2018.10.10"]
[SourceQuality "1"]
[WhiteTeam "KJCA Kings"]
[BlackTeam "Bradford DCA Knights"]
[WhiteTeamCountry "ENG"]
[BlackTeamCountry "ENG"]

1. e4 e6 2. d4 d5 3. Nc3 Nf6 4. Bg5 dxe4 5. Bxf6 gxf6 6. Nxe4 Bg7 7. Nf3 f5 8. Ng3 c5 9. c3 cxd4 10. Nh5 Bh6 11. Nxd4 Bd7 12. Be2 Nc6 13. Nb5 0-0 14. Qxd7 Qg5 15. Qd3 f4 16. h4 Qg6 17. g4 f5 18. g5 1-0

[Event "Wakefield 4NCL op-A 8th"]
[Site "Wakefield"]
[Date "2016.04.01"]
[Round "1"]
[White "Walton, Alan J"]
[Black "Bak, Christopher"]
[Result "1-0"]
[WhiteElo "2215"]
[BlackElo "2033"]
[PlyCount "93"]
[EventDate "2016.04.01"]
[EventType "swiss"]
[EventRounds "5"]
[EventCountry "ENG"]
[SourceTitle "CBM 171 Extra"]
[Source "ChessBase"]
[SourceDate "2016.04.26"]
[SourceVersion "1"]
[SourceVersionDate "2016.04.26"]
[SourceQuality "1"]

1. d4 d5 2. c4 Nc6 3. Nc3 dxc4 4. Nf3 Nf6 5. e4 Bg4 6. Be3 e5 7. d5 Ne7 8. Bxc4 a6 9. a4 Ng6 10. Qb3 Bd6 11. Nd2 Rb8 12. h3 Bd7 13. Be2 0-0 14. Ba7 Ra8 15. Be3 Qe7 16. Nc4 h6 17. Nxd6 Qxd6 18. Qa3 Qxa3 19. Rxa3 Rad8 20. Rb3 Bc8 21. 0-0 Ne8 22. Rc1 Nd6 23. g4 Kh7 24. f3 Ne7 25. Nd1 c6 26. Bb6 Rd7 27. dxc6 Nxc6 28. Ne3 g6 29. Rd1 Ne8 30. Rxd7 Bxd7 31. Bc5 Rg8 32. Rxb7 Be6 33. Bxa6 Ng7 34. Nd5 Ra8 35. Bb5 Na5 36. Ra7 Rxa7 37. Bxa7 f5 38. Bb8 fxe4 39. fxe4 Nb3 40. Bxe5 h5 41. g5 Kg8 42. Bc3 Nc5 43. Nf6+ Kf7 44. a5 Bc8 45. b4 Na6 46. Bc4+ Ne6 47. b5 1-0